000 00737nam a2200265Ia 4500
001 Para_6913
003 CHAP
008 220125s1972 xx 000 0 und d
010 _a204229
040 _cCHAP
082 _aPA 633.18 L5
100 _aLing, K. C.
_966977
245 _aRice virus diseases /
_c by K. C. Ling
260 _aMonila Philippines :
_b The International. Rice Research Institute
300 _a134 p.
650 _aArroz
_x enfermedades por virus
_97602
710 _aInternational Rice Research Institute
_959779
901 _aPA 633.18 L5
902 _aA
905 _a0000001972 0000000000 00
910 _a1972
942 _cPARA
942 _cPARA
_d1
999 _c204229
_d204229